00656 2200241 4500001002100000005001500021035002000036007000300056008004100059020002200100082000800122084001400130100001500144245008200159260003600241300003600277500002600313650001800339700001400357700002100371990001100392990001100403INLIS00000000000659320210226105834 a0010-0221000357ta210226 g 0 ind  a978-979-465-537-5 a612 a612 TAK k0 aTAKARI, E.1 aKamus Visual Tentang Manusia /cE. Takari; editor, Asrimiati, Mia Siti Aminah aBandung :bEpsilon Grup,c[s.l] aiv, 156 hal. :bilus. ;c25 cm. aBibliografi : hal.156 4aTUBUH MANUSIA0 aASRIMIATI0 aMIA, Siti Aminah a7886 a a7886 b